000 00830nab a2200265 4500
003 BR-BrBNA
005 20250409110948.0
008 250409b bl.||||| |||| 00| 0 por d
040 _aBR-BrBNA
_bpor
072 _aL01 ; L02 ; E71
_b6100
100 _aZepper, Paulo
100 _aFranco, Humberto
245 _aFrango natureba
_bAgronegócios
500 _a1 illus;
650 _aFRANGO
650 _aCARNE
650 _aNUTRIÇÃO ANIMAL
650 _aMEDICAMENTO HOMEOPÁTICO
650 _aPRODUÇÃO ORGÂNICA
650 _aABATEDOURO
650 _aEXPORTAÇÃO
773 0 _01706
_9346353
_dSão Paulo-SP Editora Três Ltda - E-mail: luizfsa@revistadinheiro.com.br 2004
_o2024-7016
_tDinheiro Rural (Brazil)
_x1807-3700
_gv. 3(23) p. 50-51; (Sep 2006)
_wBR2025000544
942 _cANA
999 _c330926
_d330926